| 000 | 01219nam a2200313Ia 4500 | ||
|---|---|---|---|
| 001 | ebr10277561 | ||
| 003 | CaPaEBR | ||
| 006 | m u | ||
| 007 | cr cn||||||||| | ||
| 008 | 081213s2009 stk sb 001 0 eng d | ||
| 020 | _z9780748638369 | ||
| 020 | _z0748638369 | ||
| 020 | _z9780748638352 | ||
| 020 | _z0748638350 | ||
| 040 |
_aCaPaEBR _cCaPaEBR |
||
| 035 | _a(OCoLC)406113787 | ||
| 050 | 1 | 4 |
_aPR6019.O9 _bZ7995 2009eb |
| 100 | 1 |
_aSpinks, Lee, _d1963- |
|
| 245 | 1 | 0 |
_aJames Joyce _h[electronic resource] : _ba critical guide / _cLee Spinks. |
| 260 |
_aEdinburgh : _bEdinburgh University Press, _cc2009. |
||
| 300 | _axiii, 233 p. | ||
| 504 | _aIncludes bibliographical references (p. [216]-224) and index. | ||
| 533 |
_aElectronic reproduction. _bPalo Alto, Calif. : _cebrary, _d2009. _nAvailable via World Wide Web. _nAccess may be limited to ebrary affiliated libraries. |
||
| 600 | 1 | 0 |
_aJoyce, James, _d1882-1941 _xCriticism and interpretation. |
| 650 | 0 |
_aEnglish literature _xIrish authors. |
|
| 655 | 7 |
_aElectronic books. _2local |
|
| 710 | 2 | _aebrary, Inc. | |
| 856 | 4 | 0 |
_uhttp://site.ebrary.com/lib/rucke/Doc?id=10277561 _zAn electronic book accessible through the World Wide Web; click to view |
| 999 |
_c20376 _d20376 |
||